Culture Générale Marvin n°8 - Statistiques

Statistiques générales
  • Ce quiz a été pris 54 fois
  • Le résultat moyen est 13 sur 20
Statistiques - réponses
Question Réponses % Correct
Qui a réalisé les 12 travaux ? Hercule
94%
Quel est la capitale de l'Égypte Le Caire
94%
Quel est le nom de la fleur étant l'un des symboles de la France Fleur de lys
88%
Quelle ville française situé dans les Pyrénées-Atlantiques est célèbre pour ses piments ? Espelette
86%
Bien écrire le mot aicléziastick ecclésiastique
78%
Bien écrire Valairie jiskar destun Valérie giscard d'estaing
78%
Quel firme de fast food a racheté Quick ? Burger king
75%
Quel chanteur a chanter pour la France durant l'Eurovision 2016 avec son tube j'ai cherché Amir
73%
Quel écrivain a écrit les romans bel-ami et boule de suif Guy de Maupassant
73%
Quel phrase le président JFK dit-il à Berlin ouest devant les Allemands ich bin ein berliner
69%
Quel animateur télé présente sept à huit ? Harry roselmack
67%
Quelles glandes corporelle sont responsables des larmes Glandes lacrymales
63%
Grâce à quel objet Thésée a-t-il réussi à sortir du labyrinthe du minotaure Le fil d'Ariane
61%
Qui est l'homme le plus riche du monde (décembre 2021) Elon Musk
59%
Comment appelle-t-on la veste porté par les jockey aux courses hippiques Casaque
49%
Quel atome une étoile consomme-t-elle le plus Hydrogène
49%
Quelle émission télé est diffusé sur M6 généralement après le JT dans laquelle nous suivons la vie de différents couple Scène de ménages
45%
Qu-es-ce qu'est réellement la corne du narval ? Une dent
45%
Après avoir tué le Minotaure quel objet Thésée a oublié de modifier sur son bateau ce qui entraîna la mort de son père qui l'attendais Voile
35%
Quel est le tout premier des 12 mtravaux ? Le lion de Némée
29%
Aucun quiz correspondant
Distribution des résultats
% des personnes avec chaque résultat
Percentile par nombre de réponses
Votre historique - résultats
Vous n’avez pas pris ce quiz